000 01044cam a22002533a 4500
001 339
003 PGUSA
005 20140828082947.0
008 080705s2008||||xxu|||||s|||||000 1 eng d
040 _aPGUSA
_beng
042 _adc
050 4 _aPS
100 1 _aEastman, Charles Alexander,
_d1858-1939
245 1 0 _aOld Indian Days
_h[electronic resource] /
_cCharles Alexander Eastman
260 _bProject Gutenberg,
_c2008
505 0 _aThe love of Antelope -- The madness of Bald Eagle -- The singing spirit -- The famine -- The chief soldier -- The white man's errand -- The grave of the dog -- Winona, the woman-child -- Winona, the child-woman -- Snana's fawn -- She-who-has-a-soul -- The peace maker -- Blue Sky -- The faithfulness of Long Ears -- The war maiden.
506 _aPublic domain in the USA.
516 _aElectronic text
653 _aDakota Indians -- Fiction
653 _aIndians of North America -- Fiction
830 0 _aProject Gutenberg
_v339
856 4 0 _uhttp://www.gutenberg.org/ebooks/339
942 _cEB
999 _c229690
_d229690